[Event "HCL-A2469"]
[Site "www.playchess.de"]
[Date "2006.02.12"]
[Round "3"]
[White "Snillie"]
[Black "schachsky"]
[WhiteElo "1580"]
[BlackElo "1195"]
[PlyCount "101"]
[Result "1-0"]

1.c4 e6 {Een prettige partij!}  2.g3 Nf6 3.Bg2 d5 
4.Nf3 c6 5.O-O b6 6.b3 Bc5 7.Bb2 Nbd7 8.Nc3 O-O 
9.e3 Re8 10.d4 Bd6 11.Re1 Bb7 12.e4 Nxe4 13.Nxe4 
dxe4 14.Nd2 f5 15.Qh5 Nf6 16.Qh3 Qd7 17.Rad1 e5 
18.dxe5 Bxe5 19.Nxe4 Qf7 20.Nxf6+ Qxf6 21.Bxe5 
Rxe5 22.Qh5 g6 23.Qf3 Rae8 24.Rxe5 Rxe5 25.Qd3 Re8 
{Beste wensen voor 2006!}  26.h4 h5 27.Kf1 b5 
28.cxb5 Re6 29.bxc6 Bxc6 30.Bxc6 Rxc6 31.Qd8+ Kg7 
32.Rd7+ Kh6 33.Qxf6 Rxf6 34.Rxa7 g5 35.b4 Rb6 
36.a3 Kg6 37.Ke2 Re6+ 38.Kd3 Rd6+ 39.Ke3 Re6+ 
40.Kf3 g4+ 41.Kg2 Rb6 42.Rc7 Ra6 43.Rc3 Kf6 44.b5 
Rb6 45.Rb3 Ke5 46.a4 Kd4 47.a5 Rb8 {ziet er niet 
gezond uit -:)}  48.b6 Kc4 49.Rb1 Kc5 50.b7 Kc6 
{het zal snel omslaan .... (en dat is helaas geen 
dreiging!)}  51.a6 1-0

[Event "HCL-C3944"]
[Site "www.playchess.de"]
[Date "2006.02.12"]
[Round "13"]
[White "chessmutt"]
[Black "Opps"]
[WhiteElo "1260"]
[BlackElo "1088"]
[PlyCount "50"]
[Result "0-1"]

1.d4 d5 2.Nc3 Nf6 3.Bf4 Nc6 4.Nb5 Rb8 5.Bxc7 Qd7 
6.Bxb8 Nxb8 7.e3 e6 8.Nf3 b6 9.Ne5 Qe7 10.c3 Ne4 
11.Qa4 Nd7 12.Nxa7 Qf6 13.f3 Nd6 14.Nxd7 Bxd7 
15.Bb5 Nxb5 16.Nxb5 Be7 17.Qa8+ Bd8 18.O-O Bxb5 
19.Rfd1 O-O 20.a4 Bc7 21.axb5 g6 22.Qb7 Bd8 23.e4 
Qg5 24.exd5 h5 25.dxe6 fxe6 0-1

[Event "HCL-B3868"]
[Site "www.playchess.de"]
[Date "2006.02.12"]
[Round "5"]
[White "seisan"]
[Black "Snillie"]
[WhiteElo "1392"]
[BlackElo "1504"]
[PlyCount "55"]
[Result "1-0"]

1.e4 d6 2.d4 Nf6 3.Nc3 g6 4.Bd3 e5 5.Bg5 Bg7 
6.Nge2 O-O 7.Nd5 c6 8.Ndc3 h6 9.Bxf6 Qxf6 10.d5 
Nd7 11.dxc6 bxc6 12.O-O Nc5 13.Ng3 Be6 14.Qe2 Rab8 
15.b3 Qh4 16.Qd2 Kh8 17.f3 f5 18.exf5 gxf5 19.Rad1 
Rbd8 20.Nce2 d5 21.c3 e4 22.Bb1 f4 23.Nh1 e3 
24.Qe1 Qg5 25.Nd4 Bd7 26.Qe2 Rfg8 27.b4 Na4 
28.Qc2 1-0

[Event "HCL-B3878"]
[Site "www.playchess.de"]
[Date "2006.02.12"]
[Round "5"]
[White "dg"]
[Black "mnonato"]
[WhiteElo "1187"]
[BlackElo "1199"]
[PlyCount "52"]
[Result "0-1"]

1.e4 {hi there}  c5 2.g3 d6 3.Bg2 Nf6 4.Ne2 Nc6 
5.d3 e5 6.O-O Be7 7.a4 Be6 8.Bd2 O-O 9.c3 Qb6 
10.Qc1 Rac8 11.Qe1 Qxb2 12.Na3 Qb6 13.Nc4 Qc7 
14.Qc1 Bxc4 15.dxc4 Na5 16.f4 Rfd8 17.Rd1 Nxc4 
18.Bf1 Nxe4 19.Be3 Nxe3 20.Qxe3 f5 21.Bh3 g6 
22.Bg2 d5 23.Bxe4 dxe4 24.fxe5 Qxe5 25.Nf4 c4 
26.Qxa7 Bc5+ 0-1

[Event "HCL-E1516"]
[Site "www.playchess.de"]
[Date "2006.02.12"]
[Round "9"]
[White "BOSTER"]
[Black "Pillsbury"]
[WhiteElo "1947"]
[BlackElo "2428"]
[PlyCount "68"]
[Result "0-1"]

1.d4 {Hello! Good luck!}  f5 {Good game ! 
Greetings from germany !}  2.Nf3 Nf6 3.c4 g6 4.g3 
Bg7 5.Bg2 O-O 6.O-O d6 7.Nc3 Nc6 8.d5 Na5 9.Nd2 c5 
10.Qc2 e5 11.e4 Bd7 12.b3 a6 13.Ba3 b5 14.Bb2 
{Ba3?}  Rb8 15.Rab1 Bh6 16.cxb5 axb5 {happy new 
year !}  17.exf5 {Thanks.Happy New Year!}  gxf5 
18.f4 b4 19.Nd1 exf4 20.gxf4 Nh5 21.Ne3 Bxf4 
22.Nec4 Nxc4 23.Nxc4 Qg5 24.Bc1 Bxc1 25.Qxc1 f4 
26.Rb2 Rf6 27.Nd2 Rg6 28.Nf3 Qg4 29.Qd1 Ng7 30.Kh1 
Nf5 31.Ng1 Qg5 32.Qf3 Qh6 33.Ne2 Rf8 34.Qf2 
Bb5 0-1

[Event "HCL-E1516"]
[Site "www.playchess.de"]
[Date "2006.02.12"]
[Round "8"]
[White "Eyechess"]
[Black "BOSTER"]
[WhiteElo "2026"]
[BlackElo "1947"]
[PlyCount "103"]
[Result "1-0"]

1.e4 {Greetings and good game to us!}  c5 {Hi!Good 
luck.}  2.Nc3 Nc6 3.g3 g6 4.Bg2 Bg7 5.d3 d6 6.Be3 
Rb8 7.Qd2 b5 8.Nge2 Nd4 9.O-O e6 10.Nd1 Ne7 11.Nc1 
b4 12.c3 bxc3 13.bxc3 Ndc6 14.Bh6 O-O 15.Bxg7 Kxg7 
16.Ne3 d5 17.Nb3 Qd6 18.d4 cxd4 19.Nxd4 Nxd4 
20.Qxd4+ e5 21.Qxa7 Ba6 22.Rfb1 Rba8 23.Qb6 Qxb6 
24.Rxb6 d4 25.cxd4 exd4 26.Nd5 Nxd5 27.exd5 d3 
28.d6 Ra7 29.a4 Rd8 30.a5 d2 31.Rd1 Bc4 32.Rxd2 
Rxa5 33.Bc6 Ra1+ 34.Kg2 Bf1+ 35.Kf3 Ra3+ 36.Kf4 
Kf6 37.h4 Rd3 38.Rxd3 Bxd3 39.Bd5 h6 40.Ke3 Bf5 
41.Kd4 g5 42.Kc5 gxh4 43.gxh4 h5 44.Rb7 Bd7 45.f3 
Be6 46.Bxe6 Kxe6 47.Re7+ Kf6 48.Re4 Rc8+ 49.Kb6 
Rc2 50.d7 Rd2 51.Kc7 Rc2+ 52.Kd8 1-0

[Event "HCL-T253"]
[Site "www.playchess.de"]
[Date "2006.02.12"]
[Round "7"]
[White "sparpaket"]
[Black "gambitfan"]
[WhiteElo "1535"]
[BlackElo "1322"]
[PlyCount "83"]
[Result "1-0"]

1.e4 c6 2.d4 d5 3.e5 Bf5 4.Be3 e6 5.Nd2 Nd7 6.Nb3 
Ne7 7.f4 Ng6 8.Nf3 Be7 9.Be2 O-O 10.O-O Rc8 11.c4 
f6 12.Qd2 fxe5 13.fxe5 Be4 14.Rf2 Bh4 15.Nxh4 Rxf2 
16.Bxf2 Nxh4 17.Bf1 b6 18.Rc1 Nf5 19.Bd3 Bxd3 
20.Qxd3 Qg5 21.cxd5 exd5 22.Re1 Nf8 23.Nd2 Ne6 
24.Nf3 Qh5 25.g3 Rf8 26.Rf1 Nh6 27.Kg2 Qg4 28.Be3 
Rf4 29.Qd1 Rf5 30.Nh4 Qxd1 31.Rxd1 Rh5 32.Bxh6 
Rxh6 33.Nf5 Rh5 34.Ne7+ Kf7 35.Nxc6 a6 36.Nb4 Nc7 
37.Nd3 Rg5 38.Nf4 Rf5 39.Rc1 Nb5 40.Rc6 Nxd4 
41.e6+ Ke8 42.Rxb6 1-0

[Event "HCL-B3878"]
[Site "www.playchess.de"]
[Date "2006.02.12"]
[Round "6"]
[White "schnitzly"]
[Black "dg"]
[WhiteElo "1280"]
[BlackElo "1187"]
[PlyCount "61"]
[Result "1-0"]

1.e4 {hi and much fun!}  e5 {hi, u2}  2.Nf3 d6 
3.Nc3 Bg4 4.Be2 Qf6 5.Nd5 Qd8 6.d3 Nf6 7.Bg5 Be7 
8.Bxf6 Bxf6 9.Qd2 c6 10.Nxf6+ Qxf6 11.h3 Bxf3 
12.Bxf3 O-O 13.O-O-O b5 14.Rhf1 a5 15.d4 exd4 
16.Qxd4 Qh6+ 17.Rd2 Rd8 18.Rfd1 Na6 19.Kb1 Rd7 
20.e5 d5 21.Qb6 a4 22.Bg4 Rdd8 23.e6 fxe6 24.Qxc6 
Nb4 25.Qxe6+ Qxe6 26.Bxe6+ Kh8 27.Bxd5 Rab8 28.Bf3 
Rdc8 29.a3 Na6 30.Bb7 Rxb7 31.R2d8+ 1-0

[Event "HCL-M878"]
[Site "www.playchess.de"]
[Date "2006.02.12"]
[Round "7"]
[White "Lorsch"]
[Black "ZorMaster"]
[WhiteElo "1784"]
[BlackElo "1783"]
[PlyCount "53"]
[Result "0-1"]

1.e4 {Hello and good luck and a happy new year!}  
c5 {Hi ;) Thank you and you also a great 2006!}  
2.Nf3 d6 3.d4 cxd4 4.Nxd4 Nf6 5.Nc3 a6 6.Bg5 e6 
7.f4 Be7 8.Qf3 h6 9.Bh4 Qc7 10.O-O-O Nbd7 11.Be2 
Rg8 12.Bg3 b5 13.e5 Bb7 14.Qf1 dxe5 15.fxe5 Nd5 
16.Nxe6 fxe6 17.Nxd5 Bxd5 18.Rxd5 Rc8 19.Bd3 Rf8 
20.Qe2 exd5 21.e6 Bd6 22.Bg6+ Ke7 23.exd7+ Kxd7 
24.Re1 Kc6 25.a4 Bxg3 26.hxg3 Qxg3 
27.Qe7 0-1

[Event "HCL-C4142"]
[Site "www.playchess.de"]
[Date "2006.02.12"]
[Round "3"]
[White "Kelthek"]
[Black "mane_twice"]
[WhiteElo "712"]
[BlackElo "1241"]
[PlyCount "48"]
[Result "0-1"]

1.e4 e5 2.Nf3 Nc6 3.Bc4 Nf6 4.Nc3 Be7 5.d3 d6 
6.Nd5 Nxd5 7.Bxd5 Be6 8.c4 O-O 9.O-O Bg4 10.Bg5 
Bxg5 11.Nxg5 Bxd1 12.Rfxd1 Qxg5 13.g3 Rab8 14.a4 
Nd4 15.Rdf1 c6 16.Bxf7+ Rxf7 17.h3 Rf3 18.h4 Qg4 
19.Kg2 Rbf8 20.Rae1 Rxd3 21.Re3 Rxe3 22.fxe3 Rxf1 
23.Kxf1 Qf3+ 24.Kg1 Ne2+ 0-1

[Event "HCL-C4034"]
[Site "www.playchess.de"]
[Date "2006.02.12"]
[Round "10"]
[White "dhbruch"]
[Black "MJ321"]
[WhiteElo "1084"]
[BlackElo "487"]
[PlyCount "41"]
[Result "1-0"]

1.e4 e6 2.Nc3 Nc6 3.Nf3 Bd6 4.Bc4 Nf6 5.d3 Ng4 
6.Bg5 f6 7.Bh4 O-O 8.h3 Nxf2 9.Bxf2 f5 10.exf5 
Rxf5 11.Ne4 Bf4 12.g3 Bh6 13.Nh4 Qf8 14.Nxf5 Qxf5 
15.Qe2 d5 16.g4 Qe5 17.Bxd5 Qxd5 18.Bg3 Nd4 19.Qf2 
Bd7 20.O-O Rf8 21.Qxf8+ 1-0

[Event "HCL-B3883"]
[Site "www.playchess.de"]
[Date "2006.02.12"]
[Round "10"]
[White "nico21"]
[Black "Mongol"]
[WhiteElo "1512"]
[BlackElo "1384"]
[PlyCount "45"]
[Result "1-0"]

1.e4 e5 2.Nf3 Nc6 3.Bb5 Nd4 4.Bc4 Bc5 5.Nxe5 Nh6 
6.d3 d6 7.Bxh6 dxe5 8.Be3 Qh4 9.O-O Bg4 10.f3 
Nxf3+ 11.gxf3 Bxe3+ 12.Kh1 Bf4 13.Qe2 Bh5 14.Nc3 
Rd8 15.Nd5 c6 16.Nxf4 Qxf4 17.Qg2 Rd6 18.Qh3 O-O 
19.Rf2 Rh6 20.Rg1 Rd8 21.c3 Rdd6 22.Qc8+ Rd8 
23.Qxd8+ 1-0

[Event "HCL-B3858"]
[Site "www.playchess.de"]
[Date "2006.02.12"]
[Round "17"]
[White "Viking"]
[Black "djpnola"]
[WhiteElo "1087"]
[BlackElo "1109"]
[PlyCount "70"]
[Result "0-1"]

1.d4 d5 2.c4 Be6 3.Nf3 Nf6 4.Nc3 Nc6 5.a3 g6 6.e3 
Bh6 7.c5 O-O 8.Bd3 Qd7 9.O-O Bf5 10.Re1 Bg4 11.Be2 
Bxf3 12.Bxf3 e6 13.Ne2 Ne4 14.Nf4 Bxf4 15.Bxe4 
dxe4 16.exf4 Qxd4 17.Qxd4 Nxd4 18.Ra2 f5 19.b4 Nb3 
20.Bb2 c6 21.Be5 a5 22.a4 axb4 23.a5 Rxa5 24.Rb2 
Nxc5 25.Rxb4 Nd3 26.Bc7 Rfa8 27.Reb1 Nxb4 28.Bxa5 
Rxa5 29.h3 Nc2 30.Rxb7 Ra1+ 31.Kh2 e3 32.fxe3 Nxe3 
33.Kg3 Ra3 34.Re7 Nd5+ 35.Kh2 Nxe7 0-1

[Event "HCL-B3835"]
[Site "www.playchess.de"]
[Date "2006.02.12"]
[Round "4"]
[White "christianxxl"]
[Black "tahchiev"]
[WhiteElo "1442"]
[BlackElo "1200"]
[PlyCount "42"]
[Result "0-1"]

1.e4 e5 2.f4 exf4 3.Nf3 h6 4.d4 g5 5.Bc4 d6 6.h4 
Bg7 7.hxg5 hxg5 8.Rxh8 Bxh8 9.Qe2 Nc6 10.Nc3 g4 
11.Bxf4 gxf3 12.Qxf3 Qh4+ 13.g3 Qg4 14.Qxg4 Bxg4 
15.d5 Nd4 16.Kd2 Ne7 17.Rh1 Kd7 18.Kd3 Nf3 19.b3 
Ng6 20.Nb5 a6 21.Nd4 Bxd4 0-1

[Event "HCL-C4162"]
[Site "www.playchess.de"]
[Date "2006.02.12"]
[Round "3"]
[White "nichju"]
[Black "Tribun"]
[WhiteElo "1060"]
[BlackElo "769"]
[PlyCount "43"]
[Result "1-0"]

1.e4 {Hallo und wieder viel Glück}  e5 {Ja, 
Danke!! Du brauchst wohl davon nicht so viel.Aber 
ich hoffe Du hast Spaß!!}  2.Nf3 {Ja, aber Spaß 
habe ich auch beim Verlieren. Denn bei jeder 
Partie lernt man etwas dazu.}  d6 {Das stimmt!!}  
3.Bc4 Be6 4.Bxe6 fxe6 5.d4 Nc6 6.dxe5 d5 7.exd5 
exd5 8.O-O Qe7 9.Qxd5 h6 10.Bf4 Rd8 11.Qb5 Rb8 
12.Re1 a6 13.Qd5 Nb4 14.Qc4 Qd7 15.e6 Bd6 16.Bxd6 
Qa4 {DANKE!!!!!!!!!!}  17.Qxc7 Ra8 18.Qf7+ Kd8 
19.Bc7+ Kc8 20.Bd6 Qc6 {autsch}  21.Qf8+ Qe8 
22.Qxe8+ 1-0

[Event "HCL-B3872"]
[Site "www.playchess.de"]
[Date "2006.02.12"]
[Round "16"]
[White "scaper"]
[Black "ama49"]
[WhiteElo "1476"]
[BlackElo "1138"]
[PlyCount "29"]
[Result "1-0"]

1.d4 {hi!
}  Nf6 {Hello again}  2.c4 {yes nice to meet you 
again! :)}  d5 3.Nc3 Nc6 4.Nf3 e6 5.cxd5 exd5 
6.Ne5 Nxe5 7.dxe5 Nd7 8.Qxd5 c6 9.Qe4 Qe7 10.Bf4 
g6 11.Qd4 b6 12.e6 Nf6 13.Be5 Qxe6 14.Bxf6 Rg8 
15.Qd8+ {thanks for a nice game! :)} 
 1-0

[Event "HCL-E1530"]
[Site "www.playchess.de"]
[Date "2006.02.12"]
[Round "8"]
[White "chochoyp"]
[Black "Tarrega"]
[WhiteElo "2080"]
[BlackElo "1559"]
[PlyCount "45"]
[Result "1-0"]

1.e4 {good game from paris}  e6 {good game}  2.d3 
c5 3.Nf3 d5 4.Nbd2 Nc6 5.g3 Bd6 6.Bg2 Nge7 7.O-O 
O-O 8.Nh4 Qc7 9.f4 f6 10.c3 Bd7 11.Rf2 d4 12.Bh3 
f5 13.Nc4 e5 14.fxe5 Bxe5 15.Nxe5 Nxe5 16.Bf4 N7c6 
17.Bxf5 Bxf5 18.Nxf5 Qd7 19.cxd4 cxd4 20.b4 a6 
21.Rc1 Rae8 22.Rc5 Ng4 23.Qxg4 1-0

[Event "HCL-C3952"]
[Site "www.playchess.de"]
[Date "2006.02.12"]
[Round "31"]
[White "Xav"]
[Black "Milosforman"]
[WhiteElo "1173"]
[BlackElo "1011"]
[PlyCount "67"]
[Result "1-0"]

1.d4 {Olá! Bom jogo!}  Nc6 2.e4 d6 3.Bb5 Bd7 4.Nf3 
a6 5.Ba4 b5 6.Bb3 e6 7.O-O Nge7 8.a3 a5 9.Be3 e5 
10.d5 Nd4 11.Nxd4 exd4 12.Bxd4 a4 13.Ba2 c6 14.b4 
Nc8 15.c4 bxc4 16.Bxc4 Nb6 17.Ba2 f6 18.Nc3 c5 
19.bxc5 dxc5 20.Be3 Bd6 21.f4 Ra5 22.Rc1 c4 23.Kh1 
Bxa3 24.Bxb6 Qxb6 25.Rb1 Qd8 26.Bxc4 Qc7 27.Qd3 
Rc5 28.Bb5 Rxc3 29.Bxd7+ Kxd7 30.Qb5+ Ke7 31.Qxa4 
Qc5 32.h3 Rc4 33.Rb7+ Kd8 34.Qd7+ 1-0

[Event "HCL-A2550"]
[Site "www.playchess.de"]
[Date "2006.02.12"]
[Round "10"]
[White "Reinbo"]
[Black "kylejmiles"]
[WhiteElo "1770"]
[BlackElo "1472"]
[PlyCount "43"]
[Result "1-0"]

1.c4 Nf6 2.Nc3 g6 3.d4 d5 4.Nf3 Bg7 5.Bf4 O-O 
6.Rc1 c6 7.e3 Bg4 8.h3 Bxf3 9.Qxf3 e6 10.Bd3 Nbd7 
11.O-O Qe7 12.c5 Rae8 13.Bd6 Qd8 14.b4 e5 15.dxe5 
Nxe5 16.Qd1 Nxd3 17.Qxd3 Ne4 18.Bxf8 Bxf8 19.Nxe4 
Rxe4 20.a3 a5 21.f3 Re6 22.e4 1-0

[Event "HCL-B3849"]
[Site "www.playchess.de"]
[Date "2006.02.12"]
[Round "14"]
[White "Varaboca"]
[Black "Genesio"]
[WhiteElo "1006"]
[BlackElo "1091"]
[PlyCount "49"]
[Result "1-0"]

1.e4 {Salud again and good luck}  c5 2.c4 Nc6 
3.Nf3 e6 4.g3 Nf6 5.Nc3 a6 6.a3 Be7 7.d4 cxd4 
8.Nxd4 Nxd4 9.Qxd4 O-O 10.Bh3 d6 11.e5 dxe5 
12.Qxe5 Bd6 13.Qe2 Re8 14.O-O Qc7 15.Ne4 Nxe4 
16.Qxe4 e5 17.Bg2 Rb8 18.Rd1 b6 19.b4 f5 20.Qd5+ 
Re6 21.Bh3 g6 22.Be3 b5 23.c5 Bb7 24.Qxe6+ Kf8 
25.cxd6 1-0

[Event "HCL-B3833"]
[Site "www.playchess.de"]
[Date "2006.02.12"]
[Round "4"]
[White "schachsky"]
[Black "PhilipKaveny"]
[WhiteElo "1192"]
[BlackElo "1353"]
[PlyCount "69"]
[Result "1-0"]

1.e4 {Hello, have a nice game!}  c5 {Yes You also} 
 2.Nc3 d6 3.Nf3 Nc6 4.Bb5 a6 5.Bxc6+ bxc6 6.d3 e6 
7.Be3 Nf6 8.Qd2 Ng4 9.O-O-O Nxe3 10.Qxe3 Be7 
11.Kb1 Rb8 12.Nd2 d5 13.d4 cxd4 14.Qxd4 O-O 15.f4 
c5 16.Qe5 Bf6 17.Qxb8 Bxc3 18.bxc3 Qa5 19.Qb2 Rd8 
20.Ka1 d4 21.Nb3 Qc7 22.cxd4 c4 23.Nc5 Rd6 24.e5 
Rb6 25.Qa3 h6 26.c3 Rb5 27.Nxa6 Bxa6 28.Qxa6 Ra5 
29.Qd6 Qa7 30.Rd2 Ra6 31.Qb4 Rb6 32.Qxc4 Qb7 
33.Qd3 Qa8 34.Rb1 Ra6 35.Rdb2 1-0

[Event "HCL-C4079"]
[Site "www.playchess.de"]
[Date "2006.02.12"]
[Round "17"]
[White "Mlodzinsky"]
[Black "Treebeard"]
[WhiteElo "1071"]
[BlackElo "1239"]
[PlyCount "81"]
[Result "1-0"]

1.e4 {Hello, have a nice game}  e5 {Thank you, 
same to you.}  2.Bc4 Nf6 3.Qf3 Bc5 4.Nc3 Nc6 5.Nd5 
d6 6.Nxf6+ Qxf6 7.Qxf6 gxf6 8.c3 Be6 9.Bxe6 fxe6 
10.b4 Nxb4 11.cxb4 Bxb4 12.Nf3 O-O-O 13.O-O Rhg8 
14.a3 Bc5 15.d3 d5 16.Bb2 a6 17.Rac1 Ba7 18.Rc2 c6 
19.Rb1 d4 20.Nd2 b5 21.Rxc6+ Kb7 {nooooo, I must 
have been sleeping!!}  22.Rbc1 {oops hehehe}  Rd7 
{I'll let you finish me - you've earned it.}  
23.Rxe6 {It's not over yet;-)}  Rf8 24.Rec6 Bb6 
25.R6c2 f5 26.f3 f4 27.Nb3 Rff7 28.Nc5+ Bxc5 
29.R2xc5 Rfe7 30.Ra1 Rdc7 31.Rxc7+ Rxc7 32.Rc1 
Rxc1+ 33.Bxc1 Kc7 34.g4 Kd7 35.h4 Ke7 {all or 
nothing here :-)}  36.Kh2 {yes correct. I have 
made many mistakes in past in similar situations. 
I am trying to be consistant in the games I play, 
but then again it's my weakness also :-)}  Kf6 
37.Kh3 Kg6 38.h5+ Kg5 39.Bd2 Kf6 40.Kh4 h6 
41.Be1 1-0

[Event "HCL-M851"]
[Site "www.playchess.de"]
[Date "2006.02.12"]
[Round "4"]
[White "pionier"]
[Black "Nonni"]
[WhiteElo "2104"]
[BlackElo "2131"]
[PlyCount "107"]
[Result "1-0"]

1.d4 {Hello again, good play}  Nf6 {Hello again}  
2.c4 g6 3.Nf3 Bg7 4.Nc3 d5 5.Qb3 dxc4 6.Qxc4 O-O 
7.e4 Na6 8.Be2 c5 9.d5 e6 10.O-O exd5 11.exd5 b6 
12.Rd1 Nb4 13.Qh4 Nc2 14.Rb1 Bf5 15.Bd3 Nd4 
16.Nxd4 cxd4 17.Bxf5 dxc3 18.Bc2 cxb2 19.Bg5 Qd6 
20.Rxb2 Rac8 21.Bb1 Rfe8 22.Rbd2 Rc5 23.Qg3 Qxg3 
24.fxg3 Rd8 25.Be4 Nxe4 26.Bxd8 Nxd2 27.Rxd2 Kf8 
28.Bg5 Ke8 29.Kf2 Kd7 30.Bf4 Bc3 31.Rd3 Bb2 32.Ke2 
Ra5 33.Bh6 f6 34.Bf8 Rxa2 35.Rd2 a5 36.Kd3 b5 
37.Re2 a4 38.Bc5 Ba3 39.Rxa2 Bxc5 40.Rb2 b4 41.Ra2 
{Merry Christmas}  a3 42.Kc4 Bd6 {Merry Christmas 
!}  43.g4 Kc7 {(offering draw)}  44.Re2 Kb7 45.Kb3 
Kb6 46.Rc2 Kb5 47.h4 Bc5 48.h5 gxh5 49.gxh5 Bd6 
50.h6 Bc5 51.g4 Bd6 52.Rc8 Be5 53.d6 Bxd6 
54.Rh8 1-0

[Event "ACL-A655"]
[Site "www.playchess.de"]
[Date "2006.02.12"]
[Round "4"]
[White "PrinceKheldar"]
[Black "M_L"]
[WhiteElo "1868"]
[BlackElo "1799"]
[PlyCount "22"]
[Result "0-1"]

1.d4 d5 2.c4 c6 3.Nf3 Nf6 4.Nc3 e6 5.Bg5 Be7 6.e3 
O-O 7.Bd3 Nbd7 8.O-O dxc4 9.Bxc4 Nd5 10.Bxe7 Qxe7 
11.Bd3 Nxc3 0-1

[Event "HCL-E1563"]
[Site "www.playchess.de"]
[Date "2006.02.12"]
[Round "4"]
[White "magister32"]
[Black "Harijs"]
[WhiteElo "2000"]
[BlackElo "1848"]
[PlyCount "56"]
[Result "0-1"]

1.d4 Nf6 2.Nf3 d5 3.Bf4 e6 4.e3 Nbd7 5.Bd3 Nh5 
6.Nbd2 Nxf4 7.exf4 c5 8.c3 Bd6 9.g3 cxd4 10.Nxd4 
O-O 11.O-O Nc5 12.Bc2 Bd7 13.Qe2 Re8 14.N2f3 f6 
15.b4 Na4 16.Qd3 g6 17.Rfe1 Nb6 18.Re2 e5 19.fxe5 
fxe5 20.Nxe5 Rxe5 21.Rae1 Rxe2 22.Qxe2 Qf6 23.Qd2 
Nc4 24.Qd1 Rf8 25.f4 Qf7 26.f5 Be5 27.fxg6 Qf2+ 
28.Kh1 Bh3 0-1

[Event "HCL-A2525"]
[Site "www.playchess.de"]
[Date "2006.02.13"]
[Round "5"]
[White "kinghunter"]
[Black "agmac"]
[WhiteElo "1789"]
[BlackElo "1621"]
[PlyCount "70"]
[Result "0-1"]

1.d4 Nf6 2.Nf3 g6 3.e3 Bg7 4.Bd3 d6 5.Nbd2 O-O 
6.O-O Nbd7 7.c3 c5 8.Re1 d5 9.Ne5 Nxe5 10.dxe5 Ne4 
11.Nxe4 dxe4 12.Bxe4 Bxe5 13.Qb3 Qc7 14.f4 Bg7 
15.Rd1 Rb8 16.Bd2 Bg4 17.Bf3 Bxf3 18.gxf3 c4 
19.Qc2 Qc5 20.Kg2 b5 21.e4 Rbd8 22.Be1 Bh6 23.Bf2 
Qc7 24.f5 gxf5 25.exf5 Bg7 26.Qe4 Kh8 27.Bd4 Rfg8 
28.Kh1 a6 29.Rd2 Bxd4 30.Rxd4 Rg7 31.Rad1 Rdg8 
32.R4d2 Qc5 33.R2d4 R7g2 34.Qb1 Qe5 35.Rh4 
Qe2 0-1

[Event "HCL-B3771"]
[Site "www.playchess.de"]
[Date "2006.02.13"]
[Round "29"]
[White "cioran"]
[Black "unclcarle"]
[WhiteElo "1214"]
[BlackElo "1099"]
[PlyCount "81"]
[Result "1-0"]

1.d4 d5 {Have a great game}  2.Nf3 {thanks. you 
too and good luck}  Nc6 3.Bg5 h6 4.Bh4 Bg4 5.e3 
Nf6 6.Bxf6 exf6 7.Bb5 Qd6 8.h3 Bxf3 9.Qxf3 Qb4+ 
10.Nc3 Qxb2 11.Kd2 Bb4 12.e4 Bxc3+ 13.Qxc3 Qxb5 
14.Rhb1 Qa6 15.exd5 Ne7 16.Qxc7 b6 17.Rbe1 Kf8 
18.Rxe7 Qa5+ 19.c3 Qxd5 20.Rd7 Qg5+ 21.Ke1 Re8+ 
22.Kf1 Qb5+ 23.c4 Qxd7 {I am sure this will only 
prolong my demise, but I want to see how this 
plays out.  Good move.}  24.Qxd7 g5 25.Qxa7 {i 
will be cautious}  Kg7 26.Qxb6 Reb8 27.Qc5 Rbc8 
28.Qb4 Rhe8 29.Re1 Red8 30.d5 Rd7 31.Re7 Rxe7 
32.Qxe7 Rxc4 33.d6 Rc1+ 34.Ke2 Rc2+ 35.Kd3 Rxa2 
36.d7 Ra7 37.d8Q Rxe7 38.Qxe7 Kg6 39.g4 h5 
40.gxh5+ Kxh5 41.Qxf7+ 1-0

[Event "ACL-A659"]
[Site "www.playchess.de"]
[Date "2006.02.13"]
[Round "4"]
[White "PhilipKaveny"]
[Black "SidPistol"]
[WhiteElo "1500"]
[BlackElo "1587"]
[PlyCount "39"]
[Result "0-1"]

1.e4 e5 2.f4 exf4 3.Nf3 d5 4.e5 Be7 5.d4 g5 6.Bd3 
g4 7.O-O gxf3 8.Qxf3 Be6 9.Bxf4 Qd7 10.h3 Nc6 
11.c3 O-O-O 12.b4 {I have you right where you want 
me}  Rf8 {I know, but why won't you let me 
surrender?}  13.a4 {Surrender Now and your 
officers can keep their side Arms}  f6 
{Officers???}  14.Qe2 fxe5 15.dxe5 d4 16.Bb5 dxc3 
17.Bxc6 Qxc6 18.b5 Qc5+ 19.Be3 Qxe5 
20.Rxf8+ 0-1

[Event "HCL-B3833"]
[Site "www.playchess.de"]
[Date "2006.02.13"]
[Round "15"]
[White "GMO"]
[Black "djpnola"]
[WhiteElo "1316"]
[BlackElo "1162"]
[PlyCount "103"]
[Result "1-0"]

1.e4 e5 2.Nf3 Nc6 3.Bb5 Bd6 4.Bxc6 dxc6 5.d3 Bg4 
6.h3 Bxf3 7.Qxf3 Qf6 8.Nd2 O-O-O 9.O-O Nh6 10.Qxf6 
gxf6 11.Nf3 c5 12.Bxh6 Bf8 13.Bxf8 Rhxf8 14.Nh4 b5 
15.Nf5 Rfe8 16.f4 c4 17.Rad1 cxd3 18.Rxd3 exf4 
19.Rxd8+ Rxd8 20.Nh6 Rd2 21.Rf2 Rd1+ 22.Kh2 Rb1 
23.c3 c5 24.Nxf7 Kd7 25.Rd2+ Ke6 26.Nd6 a6 27.Nb7 
b4 28.Nxc5+ Kf7 29.Nxa6 bxc3 30.bxc3 Re1 31.Rd7+ 
Kg6 32.Rd4 f5 33.exf5+ Kxf5 34.Rd2 h5 35.c4 Rc1 
36.c5 h4 37.a4 Ra1 38.c6 Rxa4 39.c7 Rc4 40.Rd8 f3 
41.gxf3 Rc2+ 42.Kg1 Kf4 43.c8Q Rxc8 44.Rxc8 Kxf3 
45.Rc4 Kg3 46.Rc3+ Kf4 47.Kf2 Kg5 48.Kf3 Kh5 
49.Kf4 Kh6 50.Rc5 Kg6 51.Rf5 Kh6 
52.Rg5 1-0

[Event "HCL-C4083"]
[Site "www.playchess.de"]
[Date "2006.02.13"]
[Round "10"]
[White "epenz"]
[Black "Thrustnicely"]
[WhiteElo "952"]
[BlackElo "954"]
[PlyCount "55"]
[Result "1-0"]

1.e4 {hi again}  e5 {Hi Enrique - how are you 
doing these days ?}  2.Nf3 {travel in 
Mexico...part of the work...and you?}  f6 {Fine 
Thanks - Mexico sounds fun !!}  3.Bc4 Nh6 4.d3 g5 
5.Nc3 c6 6.a3 Qb6 7.h3 g4 8.hxg4 Nxg4 9.Qe2 Bc5 
10.Be3 Qxb2 11.O-O Bxe3 12.fxe3 Qxc3 13.Bb3 Qc5 
14.Rae1 Qxa3 15.Nh4 d6 16.Nf5 Nxe3 17.Qxe3 Qc5 
18.d4 exd4 19.Qh6 Kd8 20.Qxf6+ {why?}  Kc7 {just a 
stupid move  - & it's not the first time :-(}  
21.Qxh8 {it happend...a lot of times, in my case 
too}  Bxf5 22.exf5 d3+ 23.Rf2 d5 24.f6 dxc2 
25.Bxc2 a5 26.Rb1 Ra7 27.Qxh7+ Kd6 
28.Qe7+ 1-0

[Event "ACL-A659"]
[Site "www.playchess.de"]
[Date "2006.02.13"]
[Round "1"]
[White "PhilipKaveny"]
[Black "Shevarnadse"]
[WhiteElo "1500"]
[BlackElo "1706"]
[PlyCount "55"]
[Result "0-1"]

1.e4 c6 2.d3 d5 3.exd5 cxd5 4.Nf3 Nc6 5.g3 Nf6 
6.Bg2 e5 7.O-O Bd6 8.Nc3 {Dr Shevarnadse you have 
a famous name}  O-O {Eduard}  9.Bg5 {:)}  Be6 
10.a3 h6 11.Bxf6 Qxf6 12.Nb5 Bb8 13.Rb1 d4 14.a4 
{Nasty little trap :)}  a6 15.Na3 Bc7 16.Nd2 Qg6 
17.Ne4 Rfd8 18.Nc5 Bg4 19.Qd2 b6 20.Nb3 Rac8 
21.Rbe1 Qf6 22.c4 dxc3 23.bxc3 Ne7 24.d4 Be6 
25.dxe5 Bxe5 26.Nd4 Bxd4 27.cxd4 Rxd4 
28.Qb2 0-1

[Event "HCL-C4098"]
[Site "www.playchess.de"]
[Date "2006.02.13"]
[Round "36"]
[White "spartan1"]
[Black "lontjr"]
[WhiteElo "908"]
[BlackElo "1159"]
[PlyCount "33"]
[Result "1-0"]

1.d4 Nf6 2.d5 e5 3.dxe6 fxe6 4.f3 d5 5.Bg5 Be7 
6.e4 dxe4 7.Qxd8+ Bxd8 8.Nc3 exf3 9.Nxf3 Nc6 
10.Bb5 Bd7 11.a3 Be7 12.O-O-O {This is a wierd 
looking board.}  O-O {Yes, like a pawn virus...}  
13.Bxf6 Bxf6 14.Rxd7 Rf7 15.Rxf7 Kxf7 16.Bxc6 bxc6 
17.Rd1 1-0

[Event "HCL-B3834"]
[Site "www.playchess.de"]
[Date "2006.02.13"]
[Round "6"]
[White "arsenic"]
[Black "chapin"]
[WhiteElo "1063"]
[BlackElo "1200"]
[PlyCount "48"]
[Result "0-1"]

1.e4 e5 2.Nf3 Nc6 3.Bb5 d6 4.d4 Bd7 5.Nc3 Qf6 
6.Bg5 Qg6 7.Qd2 f6 8.Bh4 O-O-O 9.O-O Nh6 10.dxe5 
dxe5 11.Rad1 Bh3 12.Bg3 Rxd2 13.Rxd2 Be6 14.Bxc6 
bxc6 15.Nh4 Qh5 16.Nf3 Bc5 17.Rfd1 Ng4 18.h3 Ne3 
19.fxe3 Bxe3+ 20.Kh1 Bxd2 21.Rxd2 Bxh3 22.gxh3 
Qxh3+ 23.Kg1 Qxg3+ 24.Rg2 Qxf3 0-1

[Event "HCL-B3792"]
[Site "www.playchess.de"]
[Date "2006.02.13"]
[Round "9"]
[White "sarx"]
[Black "torbalan"]
[WhiteElo "1187"]
[BlackElo "1247"]
[PlyCount "86"]
[Result "0-1"]

1.e4 d5 2.exd5 Qxd5 3.Nc3 Qd8 4.d4 c6 5.Nf3 h6 
6.Bc4 Nd7 7.O-O Ngf6 8.Ne5 Nxe5 9.Bb3 Ned7 10.Be3 
e6 11.a4 Bd6 12.a5 Qc7 13.Qd3 Bf4 14.Bxf4 Qxf4 
15.Ne2 Qe4 16.Qxe4 Nxe4 17.Rfe1 Nd2 18.Red1 Nxb3 
19.cxb3 O-O 20.b4 Nf6 21.Nc3 Nd5 22.Nxd5 exd5 
23.f3 Bf5 24.g4 Bc2 25.Rd2 Bb3 26.a6 b6 27.Ra3 Bc4 
28.b3 Bb5 29.Ra1 Rae8 30.h4 Re7 31.Kg2 Rfe8 32.Kg3 
R7e2 33.Rdd1 R2e3 34.Ra2 Rxb3 35.g5 hxg5 36.hxg5 
Rxb4 37.f4 Rb3+ 38.Kg4 Ree3 39.Rc1 g6 40.f5 Reg3+ 
41.Kf4 Rbf3+ 42.Ke5 Rxg5 43.Kd6 
Rgxf5 0-1